Library of the University of Algiers 3
Ibrahim Sultan Cheibout
شعار جامعة الجزائر 3
مكتبة جامعة الجزائر 3
إبراهيم سلطان شيبوط

التنظيم و أساليب العمل / (رقم التسجيلة. 43948)

تفاصيل مارك
000 -LEADER
fixed length control field 01198nam a2200217Ia 4500
003 - CONTROL NUMBER IDENTIFIER
control field Ost
005 - DATE AND TIME OF LATEST TRANSACTION
control field 20260507075324.0
008 - FIXED-LENGTH DATA ELEMENTS--GENERAL INFORMATION
fixed length control field 260507s9999||||xx |||||||||||||| ||und||
020 ## - INTERNATIONAL STANDARD BOOK NUMBER
International Standard Book Number 56652499579
040 ## - CATALOGING SOURCE
Transcribing agency fsecg
041 ## - LANGUAGE CODE
Language code of text/sound track or separate title ara
082 ## - DEWEY DECIMAL CLASSIFICATION NUMBER
Classification number 350
100 ## - MAIN ENTRY--PERSONAL NAME
Personal name أبو شيخة، نادر أحمد
Relator term مؤلف
245 #0 - TITLE STATEMENT
Title التنظيم و أساليب العمل /
Statement of responsibility, etc. نادر أحمد أبو شيخة
260 ## - PUBLICATION, DISTRIBUTION, ETC.
Place of publication, distribution, etc. عمان:
Name of publisher, distributor, etc. دار صفاء للنشر والتوزيع,
Date of publication, distribution, etc. 2011
300 ## - PHYSICAL DESCRIPTION
Extent 834 صفحة؛
Dimensions 25 سم
520 ## - SUMMARY, ETC.
Summary, etc. نظريات الادارة و التطوير الاداري، التطور الاداري بين الفكر و الممارسة في الدول العربية، مدخل الى التنظيم و الأساليب، التنظيم كوظيفة إدارية، أبعاد الهيكل التنظيمي و محدداته و نماذج الهيكل التنظيمي، الخرائط التنظيمية و النماذج، تصميم المكتب و تبسيط إجراءات العمل و أخيرا كتابة التقارير
653 ## - INDEX TERM--UNCONTROLLED
Uncontrolled term الإدارة العامة
653 ## - INDEX TERM--UNCONTROLLED
Uncontrolled term العمل والعمال- تنظيم وإدارة
942 ## - ADDED ENTRY ELEMENTS (KOHA)
Koha item type كتب
المقتنيات
Withdrawn status Lost status Source of classification or shelving scheme Damaged status Not for loan Home library Current library Date acquired Serial enumeration / chronology Inventory number Total checkouts Full call number Barcode Date last seen Price effective from Koha item type
    Dewey Decimal Classification   NOT LOAN / إعارة داخلية مكتبة كلية العلوم الإقتصادية والعلوم التجارية وعلوم التسيير مكتبة كلية العلوم الإقتصادية والعلوم التجارية وعلوم التسيير 07/05/2026 الطابق الأرضي 20611   أ/3984ن1 20611 07/05/2026 07/05/2026 كتب
    Dewey Decimal Classification   Available مكتبة كلية العلوم الإقتصادية والعلوم التجارية وعلوم التسيير مكتبة كلية العلوم الإقتصادية والعلوم التجارية وعلوم التسيير 07/05/2026 الطابق الأرضي 20612   أ/3984ن2 20612 07/05/2026 07/05/2026 كتب
    Dewey Decimal Classification   Available مكتبة كلية العلوم الإقتصادية والعلوم التجارية وعلوم التسيير مكتبة كلية العلوم الإقتصادية والعلوم التجارية وعلوم التسيير 07/05/2026 الطابق الأرضي 20613   أ/3984ن3 20613 07/05/2026 07/05/2026 كتب
    Dewey Decimal Classification   Available مكتبة كلية العلوم الإقتصادية والعلوم التجارية وعلوم التسيير مكتبة كلية العلوم الإقتصادية والعلوم التجارية وعلوم التسيير 07/05/2026 الطابق الأرضي 20614   أ/3984ن4 20614 07/05/2026 07/05/2026 كتب
    Dewey Decimal Classification   Available مكتبة كلية العلوم الإقتصادية والعلوم التجارية وعلوم التسيير مكتبة كلية العلوم الإقتصادية والعلوم التجارية وعلوم التسيير 07/05/2026 الطابق الأرضي 20615   أ/3984ن5 20615 07/05/2026 07/05/2026 كتب
    Dewey Decimal Classification   Available مكتبة كلية العلوم الإقتصادية والعلوم التجارية وعلوم التسيير مكتبة كلية العلوم الإقتصادية والعلوم التجارية وعلوم التسيير 07/05/2026 الطابق الثاني 20616   أ/3984ن6 20616 07/05/2026 07/05/2026 كتب
    Dewey Decimal Classification   Available مكتبة كلية العلوم الإقتصادية والعلوم التجارية وعلوم التسيير مكتبة كلية العلوم الإقتصادية والعلوم التجارية وعلوم التسيير 07/05/2026 الطابق الثاني 20617   أ/3984ن7 20617 07/05/2026 07/05/2026 كتب
    Dewey Decimal Classification   Available مكتبة كلية العلوم الإقتصادية والعلوم التجارية وعلوم التسيير مكتبة كلية العلوم الإقتصادية والعلوم التجارية وعلوم التسيير 07/05/2026 مكتبة بن عكنون 20618   أ/3984ن8 20618 07/05/2026 07/05/2026 كتب
    Dewey Decimal Classification   Available مكتبة كلية العلوم الإقتصادية والعلوم التجارية وعلوم التسيير مكتبة كلية العلوم الإقتصادية والعلوم التجارية وعلوم التسيير 07/05/2026 مكتبة بن عكنون 20619   أ/3984ن9 20619 07/05/2026 07/05/2026 كتب

موارد الويب المفتوحة


© University of Algiers 3 All Rights Reserved
|
Implemented by LECHELAH Riad